|
|
|
|
| LEADER |
01206nam a2200313 a 4500 |
| 001 |
4536 |
| 003 |
BD-DhAAL |
| 005 |
20150226151512.0 |
| 008 |
150226s1998 nyua b 001 0 eng |
| 010 |
|
|
|a 98014526
|
| 020 |
|
|
|a 0195119010 (alk. paper)
|
| 040 |
|
|
|a DLC
|c DLC
|d DLC
|d BD-DhAAL
|
| 050 |
0 |
0 |
|a HF5549.5.I5
|b M393 1998
|
| 082 |
0 |
0 |
|a 658.3/14
|2 21
|
| 100 |
1 |
|
|a McKenzie, Richard B.
|9 8811
|
| 245 |
1 |
0 |
|a Managing through incentives :
|b how to develop a more collaborative, productive, and profitable organization /
|c Richard B. McKenzie, Dwight R. Lee.
|
| 260 |
|
|
|a New York :
|b Oxford University Press,
|c 1998.
|
| 300 |
|
|
|a x, 337 p. :
|b ill. ;
|c 25 cm.
|
| 504 |
|
|
|a Includes bibliographical references (p. [299]-329) and index.
|
| 541 |
|
|
|e 4536
|
| 650 |
|
0 |
|a Incentives in industry.
|9 8812
|
| 650 |
|
0 |
|a Employee motivation.
|9 8801
|
| 650 |
|
0 |
|a Industrial management.
|9 8813
|
| 650 |
|
0 |
|a Incentives (Psychology)
|9 8814
|
| 650 |
|
0 |
|a Motivation (Psychology)
|9 7354
|
| 700 |
1 |
|
|a Lee, Dwight R.
|9 8815
|
| 942 |
|
|
|2 ddc
|c BK
|
| 999 |
|
|
|c 33803
|d 33803
|
| 952 |
|
|
|0 0
|1 0
|2 ddc
|4 0
|6 658_314000000000000_MCK
|7 0
|9 52784
|a SCL
|b SCL
|c GEN
|d 2015-02-26
|g 760.00
|l 0
|o 658.314 MCK
|p 3020004536
|r 2015-02-26
|t 1
|w 2015-02-26
|y BK
|